BUTTERWORTHS environmental law handbook
| Other Authors: | |
|---|---|
| Format: | Book |
| Published: |
London :
Butterworths ,
1994
|
| Subjects: |
MARC
| LEADER | 00000cam a2200000 7i4500 | ||
|---|---|---|---|
| 001 | 0000000603 | ||
| 005 | 20000911.0 | ||
| 020 | 0 | 0 | |a 0406044716 |
| 090 | 0 | 0 | |a R344.046 |b BUT 1994 |
| 245 | 0 | 0 | |a BUTTERWORTHS environmental law handbook |c edited by Andrew Waite |
| 260 | 0 | 0 | |a London : |b Butterworths , |c 1994 |
| 300 | |a xxxiii, 859 p. ; |c 25 cm. | ||
| 500 | 0 | 0 | |a Includes index |
| 650 | 0 | 0 | |a Environmental law |x Handbooks, manuals, etc. |
| 700 | 0 | 1 | |a Waite |h Andrew |
| 999 | |a 0000001864 |b Monograph |c Reference |e Default branch | ||